000
00304nam a22001337a 4500
008
171018b xxu||||| |||| 00| 0 eng d
020
_a
2900470056232
041
_a
eng
080
_2
8 ED
_a
338
100
_a
53
101
_a
MEN
245
_a
STRTEGIC MARKET MANAGEMENT
_c
AAKER.D.A
942
_2
udc
_c
BK
999
_c
34663
_d
34663